Taxation: an interdisciplinary approach to research
Gespeichert in:
| Format: | Buch |
|---|---|
| Sprache: | Englisch |
| Veröffentlicht: |
Oxford
Oxford University Press
2005
|
| Schlagworte: | |
| Tags: |
Keine Tags, Fügen Sie das erste Tag hinzu!
|
MARC
| LEADER | 00000nam$a2200000$$$4500 | ||
|---|---|---|---|
| 001 | 0023327 | ||
| 005 | 20240104134157.9 | ||
| 020 | |a 0-19-924293-3 | ||
| 041 | 0 | |a eng | |
| 044 | |a US | ||
| 245 | 1 | 0 | |a Taxation: an interdisciplinary approach to research |c edited by Margaret Lamb, Andrew Lymer, Judith Freedman, Simon James |
| 264 | 1 | |a Oxford |b Oxford University Press |c 2005 | |
| 300 | |a 316 s. | ||
| 610 | 2 | 0 | |a dane |
| 610 | 2 | 0 | |a zdaňovanie |
| 610 | 2 | 0 | |a výskum |
| 610 | 2 | 0 | |a výskum ekonomický |
| 610 | 2 | 0 | |a účtovníctvo |
| 610 | 2 | 0 | |a politológia |
| 610 | 2 | 0 | |a politika sociálna |
| 610 | 2 | 0 | |a etika |
| 610 | 2 | 0 | |a stratégia obchodná |
| 610 | 2 | 0 | |a právo |
| 610 | 2 | 0 | |a trh kapitálový |